Quick Pick: Mononymous Soccer Players Quiz Stats

 Plays Quiz Updated Jul 9, 2017

Support Sporcle.
Go Orange.
Score 0/10 Timer 01:30
2 Plays Today
% Correct
Neymar
68.5%
Raúl
66.1%
Maicon
66%
Pele
63.6%
Ronaldo
57.6%
Willian
56.3%
Oscar
55%
Pepe
50.5%
Kaká
49.7%
Pedro
45.1%

Today's Daily Dose

You're not logged in!

Compare scores with friends on all Sporcle quizzes.
OR
Log In
Forgot?

From the Vault

Sesame Street Characters

by lolshortee

Sesame Street is now on HBO. There goes the neighborhood.
Remove Ads.
Support Sporcle.
Get the best of Sporcle when you Go Orange. This ad-free experience offers more features, more stats, and more fun while also helping to support Sporcle. Thank you for becoming a member.

Show Comments

Extras

Top Quizzes Today


Score Distribution

Your Account Isn't Verified!

In order to create a playlist on Sporcle, you need to verify the email address you used during registration. Go to your Sporcle Settings to finish the process.

Report this User

Report this user for behavior that violates our Community Guidelines.

Details: